Disturbi psicosomatici /

Збережено в:
Бібліографічні деталі
Автори: Trombini, Giancarlo (Автор), Baldoni, Franco (Автор)
Формат: Книга
Мова:Італійська мова
Опубліковано: Bologna : Il mulino, [2001]
Серія:Farsi un'idea ; 61
Предмети:
Теги: Додати тег
Немає тегів, Будьте першим, хто поставить тег для цього запису!

MARC

LEADER 00000nam a22000007i 4500
001 IT\ICCU\RMS\2047498
003 ItRI
005 20260115231900.0
008 080829s2001 it |||||| ||||| |||||c
020 |a 8815081399 
020 |a 9788815081391 
040 |b ita  |c importazione bologna sebina 
041 7 |a ita  |2 ISO-639-2 
082 |a 616.08  |9 MEDICINA PSICOSOMATICA  |2 21 
100 1 |a Trombini, Giancarlo  |0 IT\ICCU\CFIV\053037  |4 aut 
245 1 0 |a Disturbi psicosomatici /  |c Giancarlo Trombini, Franco Baldoni. 
260 |a Bologna :  |b Il mulino,  |c [2001] 
300 |a 127 p. ;  |c 20 cm. 
650 7 |a Medicina psicosomatica 
650 7 |a Psicofisiologia 
700 1 |a Baldoni, Franco  |0 IT\ICCU\CFIV\077701  |4 aut 
830 0 |a Farsi un'idea ;  |v 61  |0 IT\ICCU\VIA\0062503 
942 |2 ddc  |c BK  |n 0 
952 |0 0  |1 0  |4 0  |6 DOC_616_080000000000000_TRO  |7 0  |9 15235  |a BO  |b BO  |d 2026-01-15  |i 19932  |l 0  |o DOC 616.08 TRO  |p BO19932  |r 2026-01-15 23:19:00  |w 2026-01-15  |x [Sebina 5] [1 v.]  |y BK  |z 1 v. 
999 |c 13115  |d 13115